| 000 | 01003nam a22002177a 4500 | ||
|---|---|---|---|
| 005 | 20171128161607.0 | ||
| 010 | _aUR-9839 | ||
| 020 | 6 | _c185.00 | |
| 035 | _aU-8394 | ||
| 037 | _bDBAD/PUB | ||
| 082 | _a342.54 | ||
| 100 | _aمو لا نا سید جلاالد ین عمر ی | ||
| 245 |
_a غیر مسلمو ن سے تعلقا ت ا و ر ا نکے حقو ق _c مو لا نا سید جلاالد ین عمر ی |
||
| 246 |
_b _aGhair Muslimon Se Talluqaat Aur Un Ke Huqooq |
||
| 250 | _aby Moulana Sayyed Jalaluddin Umari | ||
| 260 |
_a نئی د لی _bMerkazi Maktaba Islami Publishers _c2013 |
||
| 270 |
_aD307,Dawat Nagar,Abul Fazal Enclave,Jamia Nagar , _b New Delhi _e110025 _k01126971652 _l- |
||
| 300 |
_a320ص _c22 Cm.(B.b) |
||
| 500 | _aدو حصہ | ||
| 942 |
_2ddc _cUR _h342.54 _m ج ل ا _e |
||
| 999 |
_c146836 _d146836 |
||